Statistics for 100 Flags - United States of America

Click here to take the quiz!

General Stats

  • This quiz has been taken 16 times
  • The average score is 32 of 100

Answer Stats

Answer% Correct
Maryland
87%
New Mexico
87%
Washington
87%
Ohio
80%
South Carolina
80%
Wyoming
80%
Arizona
73%
Guam
73%
Louisiana
73%
Puerto Rico
73%
Denver
67%
New Orleans
67%
American Samoa
60%
Indiana
60%
Nevada
60%
U.S. Virgin Islands
60%
Chicago
53%
Navajo
53%
Phoenix
53%
Rhode Island
53%
Staten Island
53%
Texas
53%
Vermont
53%
Washington D.C
53%
Baltimore
47%
Brooklyn
47%
Confederate States
47%
New Jersey
47%
New York
47%
Queens
47%
Tennessee
47%
United States Space Force
47%
Georgia
40%
Illinois
40%
Northern Mariana Islands
40%
Pennsylvania
40%
POTUS
40%
The Bronx
40%
Utah
40%
Virginia
40%
Austin
33%
Idaho
33%
Los Angeles
33%
Miami
33%
Missouri
33%
Nebraska
33%
New York
33%
Saint Louis
33%
United States Army
33%
United States Navy
33%
Cascadia
27%
Cherokee
27%
North Dakota
27%
Oklahoma
27%
South Dakota
27%
Cincinnati
20%
Santa Fe
20%
Wake Island
20%
West Virginia
20%
Wisconsin
20%
Atlanta
13%
Boise
13%
Boston
13%
Choctaw
13%
Detroit
13%
FBI
13%
Harrisburg
13%
Indianapolis
13%
Kansas City
13%
Maine
13%
Mississippi
13%
Orange County
13%
Philadelphia
13%
Richmond
13%
San Diego
13%
San Francisco
13%
United States
13%
United States Senate
13%
Adams County
7%
Anchorage
7%
Annapolis
7%
Austin
7%
Chippewa
7%
Houston
7%
Jackson
7%
Las Vegas
7%
Madison
7%
Milwaukee
7%
Mormonism
7%
New England
7%
Osage
7%
Republic of the Floridas
7%
Sacramento
7%
Salt Lake City
7%
Seattle
7%
Colombus
0%
Jefferson County
0%
Muskogee
0%
Northern Cheyenne
0%
Ute
0%

Score Distribution

Percentile by Number Answered

Percent of People with Each Score

Your Score History

You have not taken this quiz